| 000 | 00743nam a2200253Ia 4500 | ||
|---|---|---|---|
| 003 | OSt | ||
| 005 | 20221005062220.0 | ||
| 006 | a|||||r|||| 00| 0 | ||
| 007 | ta | ||
| 008 | 221004b |||||||| |||| 00| 0 eng d | ||
| 020 |
_a9780415214841 (pbk) _c1573.61 |
||
| 024 | _a90132 | ||
| 037 |
_b11598, 29/01/2008, Overseas Press _cTextual |
||
| 040 |
_aCRL _cCRL _beng |
||
| 041 |
_2eng _aeng |
||
| 082 | _aV43.P1, P7 | ||
| 100 |
_aBates Grispin _9601562 |
||
| 245 | 0 |
_aSubalterns and raj _b South Asia since 1600 |
|
| 260 |
_aLondon _bRoutledge UK _c2007 |
||
| 300 |
_ax, 403p. _ccm. |
||
| 650 | _aHISTORY | ||
| 942 |
_hV43.P1, P7 _cTEXL _2cc |
||
| 999 |
_c969365 _d969365 |
||